LIBRARY & INFORMATION CENTRE, KCAET, TAVANUR

ONLINE PUBLIC ACCESS CATALOGUE (OPAC)

Effect of vacuum and shrink packaging on shelf life of banana (Musa paradisica) (Record no. 15111)

MARC details
000 -LEADER
fixed length control field 00767nam a22001817a 4500
003 - CONTROL NUMBER IDENTIFIER
control field OSt
088 ## - REPORT NUMBER
Report number P 310
100 ## - MAIN ENTRY--AUTHOR NAME
Personal name CLAUDIA K. L
-- SUNISHA K
245 ## - TITLE STATEMENT
Title Effect of vacuum and shrink packaging on shelf life of banana (Musa paradisica)
260 ## - PUBLICATION, DISTRIBUTION, ETC. (IMPRINT)
Place of publication Tavanur 2015
Name of publisher DEPARTMENT OF FOOD AND AGRICULTURAL PROCESS ENGINEERING
300 ## - PHYSICAL DESCRIPTION
Number of Pages 45
500 ## - GENERAL NOTE
General note Effect of vacuum and shrink packaging on shelf life of banana (Musa paradisica)
520 ## - SUMMARY, ETC.
Summary, etc banana fruits are highly perishable and harvested banana crop ripen within 4-5 days after harvest under the ambient conditions in Kerala.
700 ## - ADDED ENTRY--PERSONAL NAME
Personal name Er. George Mathew (Guide)
856 ## - ELECTRONIC LOCATION AND ACCESS
Uniform Resource Identifier https://drive.google.com/open?id=1RLoO2mT2lfX1lSccmZU59vzVJ8mdkugM
942 ## - ADDED ENTRY ELEMENTS (KOHA)
Koha item type Project Report
Holdings
Collection code Home library Current library Shelving location Full call number Accession Number Koha item type
Reference KAUAET KAUAET Reference 664 CLA/EF P 310 Project Report
free website counter